[Event "Chesscup Rapid 2020"]
[Site "Katowice"]
[Date "2020.09.13"]
[Round "1.1"]
[White "Socko, Bartosz"]
[Black "Stebakow, Cezary"]
[Result "1-0"]
[WhiteElo "2601"]
[BlackElo "1531"]
[Annotator "TA"]
[PlyCount "51"]
[EventDate "2020.09.12"]
[EventType "swiss"]
[EventCountry "POL"]
[SourceTitle "playchess.com"]
[Source "ChessBase"]
[SourceQuality "1"]

{[%evp 9,51,17,44,29,58,25,34,40,52,30,57,58,75,63,108,65,106,29,36,30,54,0,52,50,85,47,118,137,141,133,152,92,115,107,169,149,704,633,820,825,1070,1058,1535,1531]} 1. g3 d5 2. Bg2 Bf5 3. d3 c6 4. Nf3 e6 5. O-O Bd6 6. c4 {[#] A07: Réti Opening: New York and Capablanca Systems.} Ne7 $146 ({Predecessor:} 6... Nf6 7. Nbd2 Nbd7 8. cxd5 exd5 9. Nd4 Bg6 10. N2f3 O-O 11. Nh4 Re8 12. Bd2 Rc8 {1-0 (45) Lim,Z (2038)-Tariq,Z (1591) Seri Iskandar 2017}) 7. Nc3 O-O 8. e4 {White is slightly better.} dxe4 9. dxe4 Bg6 10. Be3 Bb4 11. Ne5 Na6 12. Qb3 Qc7 {[#]} 13. Nxg6 (13. Nd3 $1 $16 {[%cal Rd3b4]} Bxc3 14. Qxc3) 13... Nxg6 $11 14. Na4 Be7 15. c5 ({White should play} 15. Rfd1 $14) 15... h6 (15... Ne5 $11) 16. f4 $36 {[%mdl 2048] White has some pressure.} Rab8 17. h4 Rbd8 (17... Rfd8 $14) 18. h5 $16 Nh8 19. e5 Rd7 20. Qc3 ({Better is} 20. a3) 20... Rfd8 21. Be4 g6 (21... f5 $16 {was worth a try.}) 22. g4 f5 $2 {[%mdl 8192] [#] Loses the game.} (22... Re8 $16 23. a3 Qd8) 23. exf6 $18 {White is clearly winning.} Bf8 24. hxg6 Nxg6 25. Bxg6 e5 26. fxe5 {Accuracy: White = 66%, Black = 39%.} 1-0

[Event "Chesscup Rapid 2020"]
[Site "Katowice"]
[Date "2020.09.13"]
[Round "1.2"]
[White "Smuda, Tomasz"]
[Black "Piorun, Kacper"]
[Result "0-1"]
[WhiteElo "1251"]
[BlackElo "2596"]
[Annotator "TA"]
[PlyCount "112"]
[EventDate "2020.09.12"]
[EventType "swiss"]
[EventCountry "POL"]
[SourceTitle "playchess.com"]
[Source "ChessBase"]
[SourceQuality "1"]

{[%evp 10,111,39,39,41,-2,8,-12,12,16,22,-19,0,0,10,-29,-25,-45,-49,-48,-52,-128,-132,-135,-129,-120,-112,-112,-112,-126,-127,-231,-179,-218,-133,-170,-167,-173,-167,-167,-159,-169,-168,-241,-263,-261,-234,-291,-187,-192,-200,-218,-200,-258,-257,-537,-478,-766,-389,-762,-759,-755,-746,-689,-687,-708,-673,-1337,-1215,-12793,-4133,-12794,-8686,-29974,-29974,-29981,-29980,-29985,-29986,-29986,-29987,-29987,-29988,-29988,-29984,-29984,-29985,-29985,-29986,-29986,-29987,-29989,-29986,-29988,-29986,-29991,-29992,-29995,-29996,-29996,-29996,-29996,-29997,-29999]} 1. e4 c6 2. d4 d5 3. Nc3 g6 4. Nf3 Bg7 5. Be3 dxe4 6. Nxe4 Nf6 {B15: Caro-Kann: 3 Nc3: 3...g6 and 3...dxe4 4 Nxe4 Nf6 5 Nxf6+ exf6.} 7. Ng3 O-O 8. Qd2 Bg4 {The position is equal.} 9. Be2 Nbd7 {[%cal Bb8d7,Bd7c5,Bc5a4,Ba4c3][%mdl 32] [#]} 10. Bh6 $146 ({Predecessor:} 10. O-O Qb6 11. c4 a5 12. Rad1 Rfd8 13. h3 Bxf3 14. Bxf3 Qb4 15. Qc2 e5 16. a3 {1-0 (82) Ketterer,C (2271)-Lossau,S (2132) Germany 2005}) 10... c5 (10... Bxf3 {feels hotter.} 11. gxf3 Bxh6 12. Qxh6 Qa5+ 13. c3 e5) 11. Bxg7 Kxg7 12. dxc5 Nxc5 13. Qxd8 Rfxd8 14. O-O Rac8 15. Rac1 {[#]} (15. Rfd1 $15) 15... Na4 $1 $17 16. h3 Bxf3 $1 17. Bxf3 b6 18. b3 Nc3 19. a4 e6 20. Bd1 (20. Rfe1 $17 {keeps fighting.}) 20... Rd2 21. Re1 Nfd5 22. Ne4 Rxd1 {[%mdl 64] [#] Overworked Piece} 23. Rcxd1 Nxd1 24. Rxd1 Rxc2 $19 {[%mdl 4096] Endgame KRN-KRN} 25. Rd3 Kf8 26. Rd2 (26. g3 $142) 26... Rxd2 27. Nxd2 {KN-KN} Ke7 28. g3 g5 29. Kg2 e5 30. Kf3 h5 31. Ke4 Ke6 32. f3 $2 (32. Kf3 {was necessary.}) 32... h4 33. Nf1 (33. g4 $142) 33... f5+ 34. Kd3 hxg3 35. Nxg3 Nf4+ 36. Kc4 a6 37. b4 Nxh3 38. a5 bxa5 39. bxa5 e4 40. fxe4 f4 41. Ne2 Ke5 {Black mates.} 42. Kc5 g4 43. Kb6 g3 44. Kxa6 g2 45. Kb7 f3 46. Ng1 Nxg1 {KN-KPP} 47. a6 f2 48. a7 f1=Q 49. a8=Q Qf7+ 50. Kc6 Qg6+ 51. Kc5 Nf3 52. Qd5+ Kf4 53. e5 g1=Q+ 54. Kc4 Nxe5+ 55. Kc3 Qc1+ 56. Kd4 Qd3# {Accuracy: White = 54%, Black = 87%.} 0-1

[Event "Chesscup Rapid 2020"]
[Site "Katowice"]
[Date "2020.09.13"]
[Round "1.3"]
[White "Miton, Kamil"]
[Black "Borkowski, Maciej"]
[Result "1-0"]
[WhiteElo "2590"]
[BlackElo "1633"]
[Annotator "TA"]
[PlyCount "117"]
[EventDate "2020.09.12"]
[EventType "swiss"]
[EventCountry "POL"]
[SourceTitle "playchess.com"]
[Source "ChessBase"]
[SourceQuality "1"]

{[%evp 14,117,46,37,52,41,38,53,81,84,92,7,7,0,4,0,48,13,10,-10,-16,-19,43,45,33,25,61,30,32,7,15,0,0,0,131,135,210,210,202,202,277,276,345,337,283,282,489,465,597,210,421,334,305,283,278,261,241,270,272,266,366,366,366,366,430,440,584,583,579,447,567,565,1064,1064,1006,962,830,564,6683,6021,5112,3600,5507,3516,29967,29975,29974,29974,29976,29977,29977,29975,29978,29978,29979,29979,29980,29981,29981,29982,29982,29983,29983,29984,29985,29986]} 1. d4 d5 2. c4 c6 3. Nc3 Nf6 4. e3 Bf5 5. cxd5 cxd5 6. Qb3 Qd7 7. Nf3 e6 8. Ne5 Qc8 {D10: Slav Defence: 3 cxd5 (without early Nf3) and 3 Nc3.} 9. Bd2 Nc6 10. Rc1 Be7 {White is slightly better.} 11. Bb5 O-O {[#]} 12. O-O $146 (12. Ne2 $16) ({Predecessor:} 12. Na4 Rb8 13. Qd1 Ne4 14. Bxc6 bxc6 15. Nxc6 Qd7 16. Nxb8 Rxb8 17. Bc3 Qb5 18. Qb3 {0-1 (32) Hanke,S (1941)-Tong,A (1468) Gelsenkirchen 2019}) 12... Nd7 $11 13. Nxd7 Qxd7 14. Na4 {[%cal Bc3a4,Ba4c5,Bc5d7][%mdl 32]} Rac8 15. Rc3 (15. Nc5 $5 {[%cal Rc5d7]} Qc7 16. Rfe1 $11) 15... Qd6 16. Nc5 Na5 $1 {[%cal Ra5b3]} 17. Qa4 b6 (17... Nc4 $1 $11 18. Bxc4 (18. Nxb7 Qb6 $15) 18... dxc4) 18. Nd7 $14 Rxc3 19. Bxc3 Rd8 {[#] White must now prevent ...a6!} 20. Ne5 f6 21. Bxa5 {Threatens to win with Bb4.} fxe5 22. dxe5 Qxe5 23. Bc3 $36 {[%mdl 2048] White fights for an advantage.} Qd6 (23... Qc7 $11 {keeps the balance.}) 24. Qxa7 $16 {Black is now going downhill.} Bf6 (24... Rc8 $16 {keeps fighting.} 25. Bd4 Qc7 26. Qxc7 (26. Qxb6 $2 Qxb6 27. Bxb6 Rb8 $19) (26. Bxb6 Qxa7 27. Bxa7 Ra8 $16) 26... Rxc7) 25. Bxf6 $18 gxf6 26. Rc1 Qb4 27. Qxb6 Rf8 28. Qc5 Qxb2 29. a4 Qb3 $2 (29... Qd2 {is a better defense.} 30. h3 Rf7) 30. h3 e5 31. Qc3 $2 (31. Bc6 Be6 32. a5) 31... Qa2 $2 (31... Qxc3 {was called for.} 32. Rxc3 Ra8) 32. Ra1 Qc2 33. Qxc2 Bxc2 {[%mdl 4096] Endgame KRB-KRB} 34. Kf1 Kf7 35. a5 {[%cal Ba4a5,Ba5a6][%mdl 32] [#] And now a6 would win.} Ke6 36. Rc1 Bb3 37. Rc6+ Ke7 38. a6 Ra8 39. Rb6 Bc4+ 40. Bxc4 dxc4 {KR-KR} 41. Ke1 f5 42. Kd2 f4 43. exf4 exf4 44. Kc3 Kd7 45. Rh6 Kc7 46. Rxh7+ Kb6 47. a7 Kc5 48. Rf7 Kd5 49. h4 {White mates.} Ke6 50. Rb7 Kf5 51. Kxc4 Kg4 52. Rg7+ Kxh4 53. g3+ fxg3 54. fxg3+ Kh5 55. Kb5 Kh6 56. Rc7 Kg5 57. Kb6 Kg4 58. Kb7 Rxa7+ 59. Kxa7 {Accuracy: White = 71%, Black = 37%.} 1-0

[Event "Chesscup Rapid 2020"]
[Site "Katowice"]
[Date "2020.09.13"]
[Round "1.4"]
[White "Maslanka, Wojciech"]
[Black "Klekowski, Maciej"]
[Result "0-1"]
[WhiteElo "1824"]
[BlackElo "2511"]
[Annotator "TA"]
[PlyCount "98"]
[EventDate "2020.09.12"]
[EventType "swiss"]
[EventCountry "POL"]
[SourceTitle "playchess.com"]
[Source "ChessBase"]
[SourceQuality "1"]

{[%evp 15,98,7,0,7,24,0,12,14,10,0,70,65,66,58,54,32,48,41,51,13,72,70,60,41,52,23,56,54,64,25,68,23,75,76,68,76,64,-186,-182,-175,-160,-162,-100,-118,-112,-289,-285,-282,-275,-292,-285,-287,-267,-239,-145,-160,-144,-147,-149,-117,-86,-89,-87,-971,-108,-485,-366,-337,-337,-683,-697,-700,-652,-609,-581,-1839,-1697,-12837,-12838,-12838,-599,-12839,-12839,-29992,-29992]} 1. e4 c5 2. Nf3 Nc6 3. Bb5 g6 4. O-O Bg7 5. c3 Nf6 6. Re1 O-O 7. d4 d5 {Nowadays more popular than 7...cxd4.} 8. e5 Ne4 9. Be3 {B31: Sicilian: 2...Nc6 3 Bb5 g6.} Qb6 10. Bxc6 Qxc6 11. dxc5 {[#] The position is equal.} Nxc5 $146 ({Predecessor:} 11... Bg4 12. Nbd2 Nxd2 13. Bxd2 Qxc5 14. Be3 Qc6 15. h3 Bxf3 16. Qxf3 Qb5 17. Bd4 e6 18. a4 Qd7 19. a5 {½-½ (19) Anand,V (2758)-Dubov,D (2683) Wijk aan Zee 2020}) 12. Na3 {[%cal Bb1a3,Ba3c2,Bc2d4][%mdl 32]} Ne6 (12... b6 $11) 13. Nc2 $14 Rd8 14. Ncd4 Qa6 15. Qd2 Nxd4 $1 16. Bxd4 Bg4 17. Qf4 Be6 (17... Bxf3 $11 18. Qxf3 e6) 18. Qh4 $16 Re8 19. Re3 h6 20. Nd2 g5 21. Qg3 Bf5 22. e6 f6 23. f4 Bxe6 (23... Qd6 $1 $11 {keeps the balance.} 24. Rf1 Bxe6) 24. Rae1 Bf7 25. fxg5 hxg5 {[#] Threatens to win with ...e5.} 26. h4 $2 (26. Rxe7 $14 {was the only good move.} Qc6 27. h4 (27. Qh3 Rxe7 28. Rxe7 Re8 $14) 27... gxh4 28. Qxh4 (28. Qg4 Rxe7 29. Rxe7 Re8 $11)) 26... e5 $19 27. Bc5 Rac8 28. Ba3 Qb6 (28... gxh4 $19 29. Qxh4 Bg6) 29. hxg5 $17 {With the idea g6.} f5 30. g6 $2 (30. Qf2 $17 {is the only way for White.}) 30... Bxg6 $19 31. Qf2 f4 32. Rh3 Qxf2+ 33. Kxf2 e4 34. Nb3 d4 35. Nxd4 Bxd4+ 36. cxd4 Rc2+ 37. Kg1 e3 {...Be4 is the strong threat.} 38. Rh4 Re4 $36 {[%mdl 2048] Black has strong initiative.} 39. d5 $2 {[%mdl 8192] [#]} (39. Rg4 $17 Kf7 40. Rf1) 39... Rd2 $2 (39... f3 $1 $19 {[%mdl 512]} 40. gxf3 Rxh4) 40. d6 $2 {[%mdl 8192]} (40. Rg4 $17 {was the crucial defense.} Kf7 41. Bd6) 40... b6 {aiming for ...f3!} 41. Rg4 Kg7 42. Rg5 $2 (42. d7) 42... Kf6 43. Rb5 Be8 44. Rb4 Bc6 {And now ...Rxb4 would win.} 45. Rxe4 Bxe4 46. Bb4 Rxg2+ 47. Kf1 Rf2+ 48. Kg1 {If White can now play d7 this consolidates a bit.} Ke6 49. Rd1 Rg2+ {Accuracy: White = 50%, Black = 65%.} 0-1

[Event "Chesscup Rapid 2020"]
[Site "Katowice"]
[Date "2020.09.13"]
[Round "1.5"]
[White "Jakubowski, Krzysztof"]
[Black "Bialas, Sebastian"]
[Result "1-0"]
[WhiteElo "2481"]
[BlackElo "1506"]
[Annotator "TA"]
[PlyCount "62"]
[EventDate "2020.09.12"]
[EventType "swiss"]
[EventCountry "POL"]
[SourceTitle "playchess.com"]
[Source "ChessBase"]
[SourceQuality "1"]

{[%evp 9,62,25,56,59,135,133,983,957,953,877,876,866,940,921,994,985,1029,1015,1021,1015,1083,1078,1123,1111,1311,1295,1502,1495,1470,1458,1596,1575,1827,1797,1730,1730,29993,29994,29994,29994,29995,29993,29993,29975,29974,29974,29989,29990,29990,29991,29991,29992,29992,29993,29993]} 1. e4 e6 2. d3 d5 3. Nd2 Bc5 4. c3 {[#]} d4 $146 ({Predecessor:} 4... Bb6 5. b4 Nf6 6. e5 Nfd7 7. d4 O-O 8. Bd3 a5 9. b5 c5 10. Ngf3 f6 11. O-O cxd4 12. cxd4 fxe5 13. dxe5 {1-0 (51) Delega,T (2116)-Nguyen,P (2162) Warsaw 2006}) 5. Qg4 dxc3 6. bxc3 {C00: French: Unusual White 2nd moves.} Qf6 (6... Nf6 $14 7. Qg3 (7. Qxg7 Rg8 $17) 7... Bf8) 7. d4 $16 e5 $2 {[%mdl 8192]} (7... Bb6 $16 8. e5 Nh6) 8. Qxc8+ $18 {[%mdl 64] [#] Double Attack. White is clearly winning.} Qd8 9. Qxd8+ Kxd8 10. dxc5 Nf6 11. Ngf3 Nbd7 12. Bc4 Rf8 13. Ba3 c6 14. Rd1 Kc7 15. Ng5 b5 16. cxb6+ Nxb6 17. Bxf8 Nxc4 18. Nxc4 Rxf8 19. Nxe5 h6 20. Ngxf7 Nxe4 21. Rd7+ Kb6 22. O-O {White threatens Rb1+ and mate.} Nc5 23. Rb1+ {White mates.} Ka6 {[#]} 24. Rc7 $1 Na4 25. Rxc6+ Nb6 26. Nc4 Rxf7 27. Nxb6 axb6 28. Rcxb6+ Ka7 29. R6b3 {[%cal Rb3a3]} Rf6 30. Ra3+ Ra6 31. Rxa6+ Kxa6 {Black got outplayed after the opening} 1-0

[Event "Chesscup Rapid 2020"]
[Site "Katowice"]
[Date "2020.09.13"]
[Round "1.6"]
[White "Kubik, Rafal"]
[Black "Krasenkow, Michal"]
[Result "0-1"]
[WhiteElo "1598"]
[BlackElo "2605"]
[Annotator "TA"]
[PlyCount "46"]
[EventDate "2020.09.12"]
[EventType "swiss"]
[EventCountry "POL"]
[SourceTitle "playchess.com"]
[Source "ChessBase"]
[SourceQuality "1"]

{[%evp 15,46,37,24,0,14,-10,-4,-10,0,-9,-7,-15,10,-24,0,7,14,25,20,-28,-35,-101,-99,-148,-139,-625,-619,-626,-618,-614,-611,-980,-961]} 1. d4 g6 2. e4 Bg7 3. Nf3 d6 4. Be2 Nf6 5. Nc3 O-O 6. O-O c6 7. h3 b5 8. a3 Bb7 9. Be3 {B08: Pirc Defence: Classical System.} Nbd7 {[%cal Bb8d7,Bd7c5,Bc5e6,Be6d4,Bd4b3][%mdl 32]} 10. Re1 {[#]} e5 $146 ({Predecessor:} 10... Qc7 11. Nd2 a6 12. f4 e5 13. Nf3 exd4 14. Bxd4 c5 15. Bxf6 Nxf6 16. e5 dxe5 17. fxe5 Rad8 18. Qc1 Nd5 19. Nxd5 Bxd5 20. c4 Bxf3 21. Bxf3 Bxe5 {½-½ (21) Mueller,W (2110)-Grigat,K (1944) Freudenstadt 2015}) 11. dxe5 {The position is equal.} dxe5 12. Qd2 Qe7 13. Rad1 Nc5 14. Bg5 Rfd8 15. Qe3 a5 16. Rxd8+ Rxd8 17. Nd2 (17. a4 $5) 17... Ne6 18. Bxf6 (18. Nf3 $15) 18... Bxf6 $17 19. Nb3 Nd4 $36 {[%mdl 2048] [#] Strongly threatening ...Bg5. Black has strong initiative.} 20. Bd3 $2 {[%mdl 8192] Loses the game.} (20. Qc1 $17) 20... Bg5 $19 {Black is clearly winning.} 21. Qg3 Bf4 22. Qg4 {White wants to play Nxd4.} Nxb3 23. Bxb5 h5 {Accuracy: White = 47%, Black = 82%.} 0-1

[Event "Chesscup Rapid 2020"]
[Site "Katowice"]
[Date "2020.09.13"]
[Round "1.7"]
[White "Golubka, Petro"]
[Black "Polok, Maciej"]
[Result "1-0"]
[WhiteElo "2488"]
[BlackElo "1454"]
[Annotator "TA"]
[PlyCount "55"]
[EventDate "2020.09.12"]
[EventType "swiss"]
[EventCountry "POL"]
[SourceTitle "playchess.com"]
[Source "ChessBase"]
[SourceQuality "1"]

{[%evp 9,55,37,23,-6,0,-8,-12,-30,-43,-45,29,37,58,58,102,104,123,109,128,137,192,191,198,169,184,185,365,358,488,478,648,633,668,652,875,741,790,785,1097,1085,1089,1079,1082,1084,1033,1043,1041,1021]} 1. d4 f5 2. g4 e6 3. gxf5 exf5 4. Qd3 d5 5. Bf4 Nf6 {[#]} 6. c3 $146 {A80: Dutch Defence: Unusual White second moves.} ({Predecessor:} 6. Nf3 Bd6 7. Ne5 Nh5 8. e3 c6 9. Nd2 Be6 10. Bg3 Nxg3 11. hxg3 Bxe5 12. dxe5 {½-½ (20) Teske,H (2545)-Berelowitsch,A (2551) Germany 2009}) 6... Bd6 7. Nh3 h6 8. Bxd6 {The position is equal.} Qxd6 9. Qg3 Qxg3 (9... Qb6 $15 10. Nd2 (10. Qxg7 $2 Rg8 $19) 10... g5) 10. hxg3 $11 Na6 11. e3 b6 12. Nd2 {[%cal Bb1d2,Bd2f3,Bf3e5,Be5c6,Bc6e7][%mdl 32]} c5 13. Nf4 Kf7 14. Nf3 Re8 (14... Ng4 $16 15. Bb5 (15. Nxd5 Bb7 $16) 15... Rb8) 15. Ne5+ Kg8 16. Bb5 $36 {[%mdl 2048] White has strong initiative.} Rd8 17. Nc6 Rf8 $2 (17... Rd7 18. Ng6 Bb7) 18. Ne7+ $18 {[%mdl 64] [#] Double Attack} Kf7 19. Nxc8 {White is clearly winning.} Nc7 20. Nd6+ {[%mdl 64] Double Attack} Ke7 21. Nxf5+ Kd8 22. Bd3 cxd4 23. Nxd4 Ne4 24. Bxe4 dxe4 25. Nfe6+ Nxe6 26. Nxe6+ Ke7 27. Nxf8 Rxf8 28. Rh4 {Black got outplayed after the opening. Accuracy: White = 91%, Black = 41%.} 1-0

[Event "Chesscup Rapid 2020"]
[Site "Katowice"]
[Date "2020.09.13"]
[Round "1.8"]
[White "Podolak, Karol"]
[Black "Sadzikowski, Daniel"]
[Result "0-1"]
[WhiteElo "1448"]
[BlackElo "2527"]
[Annotator "TA"]
[PlyCount "82"]
[EventDate "2020.09.12"]
[EventType "swiss"]
[EventCountry "POL"]
[SourceTitle "playchess.com"]
[Source "ChessBase"]
[SourceQuality "1"]

{[%evp 12,82,7,0,0,-12,16,-4,0,0,0,-31,0,-29,-26,-47,-44,-104,-107,-138,-80,-166,-157,-152,-160,-158,-155,-160,-156,-156,-132,-149,-149,-159,-152,-158,-139,-191,-145,-147,-135,-757,-738,-807,-807,-780,-718,-775,-771,-818,-809,-744,-680,-713,-699,-839,-871,-865,-839,-891,-860,-1064,-1064,-6674,-6421,-29978,-29978,-29978,-29979,-29975,-12841,-12840,-6499]} 1. e4 c5 2. Nf3 d6 3. d4 cxd4 4. Nxd4 Nf6 5. Bb5+ Nbd7 6. Nc3 e6 7. Bg5 Be7 {B80: Sicilian Scheveningen: 6 g3 and 6 Be3, including English Attack.} 8. O-O O-O 9. f4 Qc7 {The position is equal.} 10. Kh1 a6 11. Bd3 b5 {[#]} 12. a3 $146 ({Predecessor:} 12. Nf3 Bb7 13. Rc1 b4 14. Nb1 Rac8 15. Qe1 h6 16. e5 dxe5 17. fxe5 Bxf3 18. exf6 Bxg2+ 19. Kxg2 Bxf6 {0-1 (32) Mrvicin,M-Froitzheim,R Hassloch 1998}) 12... Bb7 13. Rc1 Rfe8 14. h3 ({White should try} 14. Qe1 $15) 14... h6 $17 15. Bh4 Nc5 (15... Nxe4 $142 $1 16. Bxe4 Bxh4 17. Ncxb5 axb5 18. Nxb5 Qb6 19. Bxb7 Qxb5 20. Bxa8 Rxa8 21. Qxd6 Nf6) 16. Qe2 (16. f5 $17) 16... Nfxe4 $1 $19 17. Nxe4 {[#] And now Bxe7 would win.} Bxh4 18. Qg4 Bxe4 19. Bxe4 Nxe4 20. Qxh4 Qe7 21. Qe1 d5 22. Rf3 Rac8 23. c3 Qf6 24. g3 (24. Rd1 $17 {is a better defense.}) 24... Rc4 25. Kg2 Rec8 {White must now prevent ...Qxd4!} 26. Qe2 $2 {[%mdl 8192] Now White is beyond hope.} (26. Rd1 $17) 26... Rxd4 {[%mdl 64] [#] Pin} 27. Rd1 Rxd1 28. Qxd1 Nd6 29. Qe2 Qf5 30. g4 Qe4 31. Qxe4 Nxe4 {[%mdl 4096] Endgame KRN-KR} 32. h4 Kf8 33. g5 h5 34. f5 Ke7 35. fxe6 fxe6 36. Kh3 Rf8 37. Rxf8 Kxf8 38. g6 Ke7 39. Kg2 Kf6 40. Kf3 e5 (40... Nd6 $142 41. Kg2 Nf5 42. Kf2 Nxh4 43. Kg3 Nxg6 44. Kg2 h4 45. b3 e5 46. Kg1 d4 47. cxd4 exd4 48. Kf1 h3 49. a4 d3 50. Ke1 bxa4 51. Kd2 a3 52. Kxd3 h2 53. Kd4 h1=Q 54. Kc5 a2 55. Kd6 a1=Q 56. Kc7 Qa5+ 57. Kc8 Ne7+ 58. Kd7 Qc6#) 41. Ke3 Kxg6 {Accuracy: White = 49%, Black = 81%.} 0-1

[Event "Chesscup Rapid 2020"]
[Site "Katowice"]
[Date "2020.09.13"]
[Round "1.9"]
[White "Teclaf, Pawel"]
[Black "Palka, Piotr"]
[Result "1-0"]
[WhiteElo "2464"]
[BlackElo "1304"]
[Annotator "TA"]
[PlyCount "23"]
[EventDate "2020.09.12"]
[EventType "swiss"]
[EventCountry "POL"]
[SourceTitle "playchess.com"]
[Source "ChessBase"]
[SourceQuality "1"]

{[%evp 9,23,0,99,90,100,97,96,79,87,93,353,353,356,365,762,762]} 1. a3 c6 2. b4 Qb6 3. Nc3 ({Predecessor:} 3. e3 a5 4. b5 Nf6 5. Nf3 cxb5 6. Nc3 b4 7. axb4 Qxb4 8. Be2 d5 9. Nb5 Qc5 {1-0 (22) Crawford,G (2088)-Piech,J (1000) IECG email 2004}) 3... a5 4. b5 cxb5 5. Rb1 Na6 (5... b4 $11) 6. Nxb5 $16 {A00: Irregular Openings.} Nf6 7. e3 d5 8. Bb2 {White is better.} g6 9. Be5 {[#] Nd6+! is the strong threat.} Qe6 $2 {[%mdl 8192]} (9... Qd8 $16 {is a better defense.}) 10. Nf3 $18 Bg7 11. Nbd4 Qd7 $2 (11... Qg4 12. h3 Qh5) 12. Bb5 {Black got outplayed after the opening} 1-0

[Event "Chesscup Rapid 2020"]
[Site "Katowice"]
[Date "2020.09.13"]
[Round "1.10"]
[White "Kotowicz, Kamil"]
[Black "Kuzmicz, Krystian"]
[Result "0-1"]
[WhiteElo "1657"]
[BlackElo "2468"]
[Annotator "TA"]
[PlyCount "110"]
[EventDate "2020.09.12"]
[EventType "swiss"]
[EventCountry "POL"]
[SourceTitle "playchess.com"]
[Source "ChessBase"]
[SourceQuality "1"]

{[%evp 17,110,-5,0,-25,20,14,46,48,68,50,60,0,0,-25,-18,-65,-46,-74,-30,-156,-64,-81,-64,-115,-118,-180,-131,-130,-127,-175,-177,-166,-163,-217,-212,-221,-193,-196,-191,-218,-225,-229,-229,-230,-184,-240,-213,-239,-239,-250,-250,-235,-209,-206,-147,-245,-227,-283,-272,-352,-299,-278,-272,-293,-295,-389,-306,-397,-390,-377,-266,-432,-431,-426,-408,-652,-628,-1457,-1220,-1168,-745,-4591,-4277,-2476,-1189,-4132,-4134,-1299,-1001,-29981,-29982,-29982,-29983,-29986,-29987]} 1. d4 g6 2. c4 Bg7 3. Nc3 c5 4. e3 Nf6 5. Nf3 O-O 6. Be2 cxd4 7. exd4 d5 8. O-O Nc6 9. Be3 Be6 10. b3 {D94: Grünfeld: 4 Nf3 Bg7 5 e3.} Rc8 11. Rc1 {[#]} dxc4 $146 ({Predecessor:} 11... Qa5 12. Bd2 Qc7 13. Bg5 Rfd8 14. Nb5 Qd7 15. c5 Ne4 16. Bf4 Bg4 17. Be3 a6 {0-1 (37) Andreev,V (2128)-Ashrafzianov,I (1962) Kazan 2016}) 12. bxc4 {d5 is the strong threat.White is slightly better.} Na5 13. d5 Bg4 14. Nd2 (14. c5 $14) 14... Bxe2 $11 15. Nxe2 Ng4 16. Nf4 Nxe3 17. fxe3 b6 18. Nd3 {[#]} (18. Qe2 $11 {remains equal.}) 18... e6 (18... b5 $1 $17 {[%cal Rb5c4][%mdl 512]} 19. cxb5 Qxd5) 19. Qf3 $15 Qe7 20. e4 ({White should try} 20. dxe6 $15 fxe6 21. Qe4) 20... Bh6 $17 21. Rc2 (21. Rcd1 $17) 21... Bxd2 22. Rxd2 Nxc4 23. Rdf2 exd5 24. exd5 Qe3 $36 {[%mdl 2048] Black is on the roll.} 25. Qd1 (25. Re1 $142 Qxf3 26. Rxf3) 25... Qd4 $19 {aiming for ...Ne3.} 26. Nf4 Qxd1 27. Rxd1 Nd6 28. Re2 Rfe8 29. Rde1 Rxe2 30. Rxe2 {[%mdl 4096] Endgame KRN-KRN} Kf8 31. Kf2 (31. Nd3 $142) 31... Rc4 32. g3 g5 33. Ng2 Rd4 34. Ne3 f5 35. Rc2 f4 36. Ng2 (36. gxf4 $17 {was called for.} gxf4 37. Ng2) 36... fxg3+ ({Don't play} 36... Rxd5 37. gxf4 g4 38. Ne3 $17) 37. hxg3 Rxd5 38. Rc7 Rf5+ 39. Kg1 Rf7 40. Rc6 Ke7 41. Ne3 Kd7 42. Rc2 Rf3 {[%mdl 64] [#] Double Attack} 43. Nf1 g4 44. Kg2 $2 (44. Rh2) 44... h5 45. Nd2 Rd3 46. Nb1 (46. Rb2 $142) 46... Ne4 47. a4 Rxg3+ 48. Kh2 Rd3 49. Re2 Ng5 50. Nd2 h4 51. Nc4 g3+ 52. Kh1 Nf3 {( -> ...h3)} 53. Re3 Rxe3 {Black mates.} 54. Nxe3 h3 55. a5 bxa5 {Accuracy: White = 27%, Black = 66%.} 0-1